000 00328nam a22001217a 4500
008 181129b xxu||||| |||| 00| 0 eng d
041 _aeng
080 _a043.3
100 _a0
101 _aMTH-MBE
245 _aAvansimi i zhvillimit të Prokurorimit Public në nivelin lokal në Republikën Kosovë
_cBeka,E
942 _2udc
_cBK
999 _c52627
_d52627